000 00613nam a2200253Ia 4500
005 20260121154821.0
008 008 260114s9999 xx 000 0 eng d
020 _a9781003119821
037 _aEBOOK
040 _aCRL
040 _beng
040 _cCRL
041 _2eng
041 _aeng
084 _qCRL
100 _a John O'Brien; Nada O'Brien
_91011867
245 0 _aAnalytical Psychology of Football
260 _bTaylor and Francis
260 _c2021
856 _uhttp://www.taylorfrancis.com/books/9781003119821
942 _cEBOOK
999 _c1578686
_d1578686